| 000 | 00475nam a22001697a 4500 | ||
|---|---|---|---|
| 999 |
_c41299 _d41299 |
||
| 003 | OSt | ||
| 005 | 20210415115918.0 | ||
| 008 | 210415b ||||| |||| 00| 0 eng d | ||
| 020 | _a9788182718258 | ||
| 040 | _coclc | ||
| 082 |
_a297 _bFAR/B |
||
| 100 |
_98592 _aFareedi, F R |
||
| 245 |
_aBahuswarathayum Indian Muslimkalum/ _cDr. F R Fareedi |
||
| 260 |
_aKozhikode: _bIPH, _c2016. |
||
| 300 | _a79 pages | ||
| 942 |
_2ddc _cBK _h297 _iFAR/B _k297 _mFAR/B |
||